[Event "Mittelrhein Verbandsliga-S 17/18"]
[Site "Nordrheinwestfalen"]
[Date "2018.04.15"]
[Round "10.3"]
[White "Sanders, Frank"]
[Black "Romaker, Johann"]
[Result "1-0"]
[WhiteElo "1929"]
[BlackElo "1926"]
[PlyCount "61"]
[EventDate "2017.09.10"]
[EventType "team-tourn"]
[EventRounds "11"]
[EventCountry "GER"]
[SourceTitle "EXT 2022"]
[Source "ChessBase"]
[SourceDate "2021.10.06"]
[SourceVersion "1"]
[SourceVersionDate "2021.10.06"]
[SourceQuality "1"]
[WhiteTeam "Lohmar"]
[BlackTeam "Bruehl II"]
[WhiteTeamCountry "GER"]
[BlackTeamCountry "GER"]

1. e4 c6 2. d4 d6 3. f4 g6 4. Nf3 Bg7 5. c3 Nf6 6. Bd3 Bg4 7. 0-0 e6 8. Qe1 Bxf3 9. Rxf3 Qb6 10. Kh1 Nbd7 11. Na3 0-0 12. Nc4 Qc7 13. e5 Ne8 14. Rh3 Qd8 15. g4 b5 16. Nd2 dxe5 17. fxe5 f5 18. gxf5 exf5 19. Nf3 Nb6 20. Qg3 Qc7 21. Qh4 h5 22. Qg3 Qf7 23. Bf4 Nc7 24. Rg1 Ne6 25. Bc1 Nd5 26. Nh4 Ne7 27. Nxg6 f4 28. Nxe7+ Qxe7 29. Qg6 Qd7 30. Rxh5 Rf7 31. Rh8+ 1-0

[Event "Mittelrhein Verbandsliga-S 17/18"]
[Site "Nordrheinwestfalen"]
[Date "2018.01.14"]
[Round "6.3"]
[White "Lommen, Frank"]
[Black "Romaker, Johann"]
[Result "1-0"]
[WhiteElo "1957"]
[BlackElo "1926"]
[PlyCount "91"]
[EventDate "2017.09.10"]
[EventType "team-tourn"]
[EventRounds "11"]
[EventCountry "GER"]
[SourceTitle "EXT 2022"]
[Source "ChessBase"]
[SourceDate "2021.10.06"]
[SourceVersion "1"]
[SourceVersionDate "2021.10.06"]
[SourceQuality "1"]
[WhiteTeam "Koeln Lasker II"]
[BlackTeam "Bruehl II"]
[WhiteTeamCountry "GER"]
[BlackTeamCountry "GER"]

1. Nf3 Nf6 2. g3 d5 3. Bg2 e6 4. c4 c6 5. b3 Bd6 6. Bb2 0-0 7. 0-0 Re8 8. d4 Ne4 9. Nbd2 f5 10. Ne5 Nxd2 11. Qxd2 Nd7 12. Nd3 Nf6 13. f3 b6 14. Rac1 Bb7 15. c5 Be7 16. a4 Nd7 17. b4 Bg5 18. f4 Be7 19. Qe3 Bf8 20. Ba3 Nf6 21. b5 Rc8 22. Ne5 cxb5 23. axb5 bxc5 24. Bxc5 Bxc5 25. Rxc5 Rxc5 26. dxc5 d4 27. Qb3 Bxg2 28. Kxg2 Nd5 29. Ra1 g5 30. Rxa7 gxf4 31. gxf4 Nxf4+ 32. Kf1 d3 33. Nxd3 Ng6 34. Qc4 Qb8 35. Ra6 Kf7 36. Rd6 Qa8 37. c6 Qa1+ 38. Qc1 Qa5 39. Qh6 Qxb5 40. Rd7+ Re7 41. Qxh7+ Kf6 42. Rxe7 Nxe7 43. Qh8+ Kg5 44. h4+ Kg4 45. Qd4+ Kh3 46. Qf4 1-0

[Event "Mittelrhein Regionalliga 1415"]
[Site "Mittelrhein"]
[Date "2014.10.19"]
[Round "2.7"]
[White "Romaker, Johann"]
[Black "Graf, Peter"]
[Result "0-1"]
[WhiteElo "1943"]
[BlackElo "1931"]
[PlyCount "128"]
[EventDate "2014.09.28"]
[EventType "team-tourn"]
[EventRounds "9"]
[EventCountry "GER"]
[SourceTitle "EXT 2023"]
[Source "ChessBase"]
[SourceDate "2022.10.05"]
[SourceVersion "1"]
[SourceVersionDate "2022.10.05"]
[SourceQuality "1"]
[WhiteTeam "Bruehl"]
[BlackTeam "Klub Koelner SF II"]
[WhiteTeamCountry "GER"]
[BlackTeamCountry "GER"]

1. e4 c5 2. Nf3 d6 3. d4 cxd4 4. Nxd4 Nf6 5. Nc3 g6 6. Be2 Bg7 7. Be3 0-0 8. Qd2 Nc6 9. f3 Be6 10. g4 Ne5 11. g5 Nfd7 12. Nxe6 fxe6 13. f4 Nc6 14. Bg4 e5 15. Be6+ Kh8 16. f5 Nd4 17. Bxd4 exd4 18. Ne2 Nc5 19. Nxd4 Nxe4 20. Qe3 Qa5+ 21. c3 gxf5 22. Rf1 Qe5 23. g6 f4 24. Qe2 Rf6 25. Bg4 Rxg6 26. Nf3 Qd5 27. Rd1 Qc6 28. Bf5 Nxc3 29. bxc3 Bxc3+ 30. Nd2 Rg5 31. Qd3 Qc5 32. Bxh7 Qe3+ 33. Qxe3 fxe3 34. Ke2 exd2 35. Bc2 Rc8 36. h4 Re5+ 37. Kd3 b5 38. Rb1 Re1 39. Rd1 e5 40. Bb1 e4+ 41. Kc2 Ba1+ 42. Kxd2 Rxf1 43. Rxf1 d5 44. Rf5 Rd8 45. Ke3 Kg7 46. h5 Bb2 47. Bc2 Rc8 48. Bb3 Rc3+ 49. Ke2 d4 50. Rxb5 Rh3 51. Rb7+ Kf6 52. Rxa7 Rxh5 53. Ra6+ Kg7 54. Ra7+ Kf8 55. Ra8+ Ke7 56. Ra7+ Kd8 57. Rf7 Bc1 58. Rf1 Be3 59. Rf6 Rh2+ 60. Kf1 d3 61. Re6 Rf2+ 62. Ke1 d2+ 63. Kd1 Rf1+ 64. Ke2 Re1# 0-1

[Event "Verbandsliga Mittelrhein-Ost 1213"]
[Site "Germany"]
[Date "2013.04.14"]
[Round "9.3"]
[White "Steffens, Klaus"]
[Black "Romaker, Johann"]
[Result "1-0"]
[WhiteElo "1916"]
[BlackElo "1964"]
[PlyCount "123"]
[EventDate "2012.09.09"]
[EventType "team"]
[EventRounds "11"]
[EventCountry "GER"]
[SourceTitle "EXT 2015"]
[Source "ChessBase"]
[SourceDate "2014.11.20"]
[SourceVersion "1"]
[SourceVersionDate "2014.11.20"]
[SourceQuality "1"]
[WhiteTeam "Siegburg"]
[BlackTeam "Bruehl II"]
[WhiteTeamCountry "GER"]
[BlackTeamCountry "GER"]

1. d4 Nf6 2. Nf3 d5 3. Bf4 e6 4. e3 Be7 5. Bd3 Nbd7 6. 0-0 c5 7. c3 b6 8. Nbd2 Bb7 9. Re1 Ne4 10. Ne5 Nxd2 11. Qxd2 Nxe5 12. Bxe5 0-0 13. e4 f6 14. Bg3 cxd4 15. cxd4 Rc8 16. exd5 Bxd5 17. Ba6 Ra8 18. Rac1 Bd6 19. Bxd6 Qxd6 20. Bc4 Rad8 21. Qe3 Bxc4 22. Rxc4 Rfe8 23. a4 Re7 24. f4 h6 25. h4 a6 26. g3 Kf7 27. Qb3 g6 28. Re3 Rb8 29. Qc3 Qd5 30. Rc7 Rb7 31. Rc6 Qa2 32. b3 b5 33. a5 b4 34. Qc4 Qd2 35. Rcxe6 Kf8 36. Rxf6+ Kg7 37. Rfe6 Rec7 38. Rd3 Qa2 39. Rc6 Rxc6 40. Qxc6 Qb1+ 41. Kf2 Re7 42. Qf3 Qe1+ 43. Kg2 Re2+ 44. Kh3 h5 45. d5 Rc2 46. Rd1 Qe7 47. d6 Qd7+ 48. f5 Kf6 49. Qe4 Rc8 50. Kg2 gxf5 51. Qxb4 Rc2+ 52. Kf1 Qc6 53. Qd4+ Kg6 54. Qd5 Qxd5 55. Rxd5 Rc8 56. Ke2 Kf6 57. Kd3 Ke6 58. Kd4 Rc1 59. Re5+ Kxd6 60. Rxf5 Rd1+ 61. Kc4 Rc1+ 62. Kb4 1-0

[Event "Verbandsliga Mittelrhein-Ost 1213"]
[Site "Germany"]
[Date "2012.12.02"]
[Round "5.3"]
[White "Romaker, Johann"]
[Black "Jonas, Rainer"]
[Result "1-0"]
[WhiteElo "1964"]
[BlackElo "1847"]
[PlyCount "137"]
[EventDate "2012.09.09"]
[EventType "team"]
[EventRounds "11"]
[EventCountry "GER"]
[SourceTitle "EXT 2015"]
[Source "ChessBase"]
[SourceDate "2014.11.20"]
[SourceVersion "1"]
[SourceVersionDate "2014.11.20"]
[SourceQuality "1"]
[WhiteTeam "Bruehl II"]
[BlackTeam "Rheinbacher SF"]
[WhiteTeamCountry "GER"]
[BlackTeamCountry "GER"]

1. e4 c6 2. Nf3 d5 3. Nc3 dxe4 4. Nxe4 Nd7 5. Bc4 Ngf6 6. Qe2 e6 7. d4 Nxe4 8. Qxe4 Nf6 9. Qh4 Be7 10. 0-0 Nd5 11. Qh5 g6 12. Qe5 Bf6 13. Qe4 0-0 14. h4 Bg7 15. h5 Nf6 16. Qh4 Nxh5 17. Bg5 Bf6 18. g4 Bxg5 19. Nxg5 h6 20. gxh5 hxg5 21. Qe4 Qf6 22. Bd3 Kg7 23. Kg2 Qf4 24. hxg6 Qxe4+ 25. Bxe4 f5 26. Bd3 Bd7 27. f4 Kxg6 28. fxg5 Kxg5 29. Kf3 Rh8 30. Rh1 a5 31. Rag1+ Kf6 32. Kf4 Rag8 33. Rxg8 Rxh1 34. Rf8+ Ke7 35. Ra8 a4 36. Rxa4 Kd6 37. b4 Rh4+ 38. Ke3 Be8 39. Ra8 f4+ 40. Kf2 Bh5 41. Rh8 Rh3 42. a4 Rf3+ 43. Kg2 Rg3+ 44. Kf2 Rf3+ 45. Ke1 Re3+ 46. Kd2 Rh3 47. a5 Bg4 48. Rg8 Rh2+ 49. Kc3 Bd1 50. Rg7 f3 51. Rxb7 Be2 52. Rf7 e5 53. dxe5+ Kxe5 54. a6 Ke6 55. a7 Rh8 56. Rb7 Ra8 57. Bxe2 fxe2 58. Kd2 Kd5 59. Kxe2 Kc4 60. Kd2 Kd4 61. Kc1 Kc3 62. Kb1 Kd4 63. Kb2 Kc4 64. Ka3 Kc3 65. Ka4 Kxc2 66. Ka5 Kb3 67. Ka6 Rd8 68. Rb8 Rd1 69. a8Q 1-0

[Event "Verbandsliga Mittelrhein-Ost 1213"]
[Site "Germany"]
[Date "2012.09.30"]
[Round "2.3"]
[White "Gikas, Andreas Basilius"]
[Black "Romaker, Johann"]
[Result "1-0"]
[WhiteElo "2129"]
[BlackElo "1964"]
[PlyCount "95"]
[EventDate "2012.09.09"]
[EventType "team"]
[EventRounds "11"]
[EventCountry "GER"]
[SourceTitle "EXT 2015"]
[Source "ChessBase"]
[SourceDate "2014.11.20"]
[SourceVersion "1"]
[SourceVersionDate "2014.11.20"]
[SourceQuality "1"]
[WhiteTeam "Bonn Beuel"]
[BlackTeam "Bruehl II"]
[WhiteTeamCountry "GER"]
[BlackTeamCountry "GER"]

1. e4 c6 2. d4 d5 3. e5 Bf5 4. Nf3 e6 5. Be2 Ne7 6. 0-0 Bg6 7. Nh4 Nf5 8. Nxf5 Bxf5 9. Nd2 Nd7 10. c4 h5 11. b3 h4 12. h3 Be7 13. Nf3 Nb6 14. Be3 a5 15. a3 Be4 16. Nh2 Bg5 17. Qd2 Be7 18. c5 Nd7 19. b4 b6 20. b5 bxc5 21. bxc6 Nb8 22. Bb5 Qc7 23. dxc5 Nxc6 24. Bg5 Bxg5 25. Qxg5 Kf8 26. Bxc6 Qxc6 27. Qe3 a4 28. Nf3 Rb8 29. Nd4 Qc7 30. f3 Bg6 31. f4 Be4 32. f5 Rb2 33. Rf2 Rxf2 34. Qxf2 exf5 35. e6 Qxc5 36. Qe3 Kg8 37. Rc1 Qa7 38. Kh1 fxe6 39. Qg5 Qd7 40. Nc6 Rh6 41. Ne5 Qe8 42. Rc7 Qf8 43. Nd7 Qf7 44. Rc8+ Kh7 45. Nf8+ Qxf8 46. Rxf8 d4 47. Qd8 d3 48. Qe8 1-0

[Event "Verbandsliga Mittelrhein-Ost 1213"]
[Site "Germany"]
[Date "2012.09.09"]
[Round "1.2"]
[White "Vandenbergen, Nicolas"]
[Black "Romaker, Johann"]
[Result "1-0"]
[WhiteElo "2018"]
[BlackElo "1964"]
[PlyCount "35"]
[EventDate "2012.09.09"]
[EventType "team"]
[EventRounds "11"]
[EventCountry "GER"]
[SourceTitle "EXT 2015"]
[Source "ChessBase"]
[SourceDate "2014.11.20"]
[SourceVersion "1"]
[SourceVersionDate "2014.11.20"]
[SourceQuality "1"]
[WhiteTeam "Euskirchen Turm"]
[BlackTeam "Bruehl II"]
[WhiteTeamCountry "GER"]
[BlackTeamCountry "GER"]

1. Nc3 e6 2. e4 d5 3. d4 c6 4. h4 Nd7 5. Bd3 dxe4 6. Nxe4 Ndf6 7. Ng5 Qb6 8. N1f3 h6 9. Nxf7 Kxf7 10. Ne5+ Ke8 11. Bg6+ Ke7 12. Nf7 Rh7 13. Bf4 Ne8 14. Bxh7 Ngf6 15. Bg6 Nd5 16. Qd2 Kf6 17. Ne5 Qxb2 18. Bg5+ 1-0

[Event "Mittelrhein-chT 1112"]
[Site "Germany"]
[Date "2012.02.26"]
[Round "9.4"]
[White "Schracke, Guido"]
[Black "Romaker, Johann"]
[Result "1-0"]
[WhiteElo "2096"]
[BlackElo "1967"]
[PlyCount "207"]
[EventDate "2011.09.11"]
[EventType "team-tourn"]
[EventRounds "13"]
[EventCountry "GER"]
[SourceTitle "EXT 2013"]
[Source "ChessBase"]
[SourceDate "2012.11.22"]
[SourceVersion "1"]
[SourceVersionDate "2012.11.22"]
[SourceQuality "1"]
[WhiteTeam "Niederkassel"]
[BlackTeam "Bruehl II"]
[WhiteTeamCountry "GER"]
[BlackTeamCountry "GER"]

1. e4 e6 2. d4 d5 3. e5 c5 4. Nf3 Nc6 5. Bd3 Qb6 6. 0-0 Bd7 7. a3 c4 8. Be2 a5 9. Nc3 a4 10. Be3 Na5 11. Qd2 Ne7 12. Nh4 Ng6 13. Nxg6 hxg6 14. Bf3 Bc6 15. Rab1 Qc7 16. Rfe1 Be7 17. Bf4 Qd8 18. Bg4 Bd7 19. Qe3 Ra6 20. Be2 Ra8 21. Na2 Nc6 22. Bg4 Rh4 23. h3 Rh8 24. Nc3 Ra5 25. Qd2 Qb6 26. Be3 Qa6 27. Na2 Qb6 28. c3 Bf8 29. Nb4 Ne7 30. Bg5 Nf5 31. Bxf5 exf5 32. e6 fxe6 33. Qf4 Bd6 34. Qf3 Kf7 35. Re2 Re8 36. Rbe1 Be7 37. Bxe7 Rxe7 38. g4 Re8 39. g5 Qd6 40. Re5 Rh8 41. Qg3 Qb8 42. h4 Qd8 43. Kg2 Rh5 44. Qf4 Qb6 45. Kg3 Kg8 46. Qf3 Qd6 47. Kh3 f4 48. Rg1 Ra8 49. Rg4 Rf8 50. Rxf4 Rxf4 51. Qxf4 Rh8 52. Kg3 Qf8 53. Qxf8+ Kxf8 54. Re3 Kf7 55. Rf3+ Ke7 56. Rf4 Rd8 57. Kf3 Be8 58. Nc2 Bc6 59. Ke3 Rd7 60. Ne1 Rd6 61. Nf3 Be8 62. Kd2 Rb6 63. Kc2 Rb3 64. Kc1 Rb6 65. Ne5 Ra6 66. Ng4 Rb6 67. Rf3 Ra6 68. Re3 Ra8 69. Kd2 Bf7 70. Rh3 Rf8 71. Ke3 Ra8 72. f3 Rf8 73. Rh2 Rh8 74. Kf4 Kd6 75. Ne5 Be8 76. Kg4 Ke7 77. Kg3 Kd6 78. Ng4 Bf7 79. Ne3 e5 80. dxe5+ Kxe5 81. Rd2 Be6 82. f4+ Ke4 83. Nc2 Bf7 84. Rd4+ Kf5 85. Ne3+ Ke6 86. Rxd5 Rc8 87. Rb5 Rc7 88. Rb6+ Kd7 89. Rb4 Kd6 90. Rxa4 Kc5 91. Ra5+ b5 92. a4 Be8 93. Ra8 Bc6 94. Rb8 bxa4 95. Rb4 Bb5 96. Nc2 Rd7 97. Na3 Rd3+ 98. Kf2 Bc6 99. Rxc4+ Kd5 100. Ke2 Rh3 101. Rd4+ Ke6 102. Nc4 Bb5 103. Kd2 Rh1 104. Nb6 1-0

[Event "Leverkusen-ch op"]
[Site "Leverkusen"]
[Date "2010.04.26"]
[Round "7"]
[White "Ljuboschiz, Alexander"]
[Black "Romaker, Johann"]
[Result "1-0"]
[WhiteElo "2203"]
[BlackElo "2048"]
[PlyCount "59"]
[EventDate "2010.01.18"]
[EventType "swiss"]
[EventRounds "7"]
[EventCountry "GER"]
[SourceTitle "EXT 2011"]
[Source "ChessBase"]
[SourceDate "2010.11.26"]
[SourceVersion "1"]
[SourceVersionDate "2010.11.26"]
[SourceQuality "1"]

1. e4 c6 2. d4 d5 3. Nc3 dxe4 4. Nxe4 Bf5 5. Ng3 Bg6 6. Nf3 Nd7 7. h4 h6 8. h5 Bh7 9. Bd3 Bxd3 10. Qxd3 Ngf6 11. Bd2 Qc7 12. Qe2 0-0-0 13. Ne5 Nxe5 14. dxe5 Nd7 15. e6 fxe6 16. Qxe6 Qd6 17. Qe2 e5 18. 0-0-0 Qe6 19. Kb1 Bd6 20. Ne4 Bc7 21. Be3 Kb8 22. f3 Nf6 23. Nc5 Qf7 24. g4 Nd5 25. Ne4 Rhf8 26. Rdf1 Bb6 27. Bc1 Nf4 28. Bxf4 Qxf4 29. c3 Rd5 30. Kc2 1-0

[Event "Leverkusen-ch op"]
[Site "Leverkusen"]
[Date "2008.01.28"]
[Round "2"]
[White "Hasanovic, Husein"]
[Black "Romaker, Johann"]
[Result "0-1"]
[WhiteElo "1592"]
[BlackElo "1849"]
[PlyCount "56"]
[EventDate "2008.01.14"]
[EventType "swiss"]
[EventRounds "7"]
[EventCountry "GER"]
[SourceTitle "EXT 2010"]
[Source "ChessBase"]
[SourceDate "2010.11.25"]
[SourceVersion "1"]
[SourceVersionDate "2010.11.25"]
[SourceQuality "1"]

1. f4 d5 2. Nf3 c5 3. b3 Nc6 4. e3 Nf6 5. Bb2 Bg4 6. Be2 e6 7. 0-0 Bd6 8. Nc3 0-0 9. h3 Bh5 10. Nb5 Bb8 11. a4 a6 12. Nc3 Qc7 13. Qe1 d4 14. Nd1 e5 15. g4 Bg6 16. Nh4 Bxc2 17. Bc4 exf4 18. exf4 Re8 19. Qg3 Qa5 20. Nf3 Ne4 21. Re1 Bd6 22. Qh2 Qc7 23. d3 Bxd1 24. Raxd1 Bxf4 25. Qe2 Be3+ 26. Kg2 Qg3+ 27. Kf1 Qxh3+ 28. Qg2 Ng3# 0-1

[Event "Leverkusen-ch op"]
[Site "Leverkusen"]
[Date "2008.01.14"]
[Round "1"]
[White "Romaker, Johann"]
[Black "Cordts, Ingo"]
[Result "0-1"]
[WhiteElo "1849"]
[BlackElo "2248"]
[PlyCount "77"]
[EventDate "2008.01.14"]
[EventType "swiss"]
[EventRounds "7"]
[EventCountry "GER"]
[SourceTitle "EXT 2010"]
[Source "ChessBase"]
[SourceDate "2010.11.25"]
[SourceVersion "1"]
[SourceVersionDate "2010.11.25"]
[SourceQuality "1"]

1. Nf3 Nf6 2. d4 c5 3. e3 g6 4. c4 Bg7 5. Nc3 0-0 6. Be2 cxd4 7. exd4 d5 8. 0-0 dxc4 9. Bxc4 Bg4 10. d5 Nbd7 11. Re1 Nb6 12. Bb3 Qd7 13. h3 Bxf3 14. Qxf3 Rfd8 15. d6 Qxd6 16. Bf4 Qb4 17. Bc7 Rd7 18. Qxb7 Rc8 19. Qxa7 Rdxc7 20. Qa6 Nbd7 21. Re4 Qc5 22. Rf4 e6 23. Rf3 Ne5 24. Rf4 Nd5 25. Re4 Nxc3 26. bxc3 Qxc3 27. Rae1 Qd3 28. Qa3 Qb5 29. Rd1 Nc4 30. Bxc4 Rxc4 31. Re2 Rc3 32. Qb2 Qxb2 33. Rxb2 Rc1 34. Rbd2 Be5 35. Kf1 Rxd1+ 36. Rxd1 Rc2 37. a4 Ra2 38. Rd8+ Kg7 39. a5 0-1

[Event "Leverkusen-ch op"]
[Site "Leverkusen"]
[Date "2007.03.26"]
[Round "7"]
[White "Jankowiak, Frank"]
[Black "Romaker, Johann"]
[Result "1/2-1/2"]
[WhiteElo "1694"]
[BlackElo "1864"]
[PlyCount "144"]
[EventDate "2007.01.08"]
[EventType "swiss"]
[EventRounds "7"]
[EventCountry "GER"]
[SourceTitle "EXT 2008"]
[Source "ChessBase"]
[SourceDate "2007.11.25"]
[SourceVersion "1"]
[SourceVersionDate "2007.11.25"]
[SourceQuality "1"]

1. e4 c6 2. d4 d5 3. Nc3 dxe4 4. Nxe4 Nd7 5. Nf3 Ngf6 6. Bd3 Nxe4 7. Bxe4 Nf6 8. Bd3 Bg4 9. Bd2 Bxf3 10. Qxf3 Qxd4 11. Bc3 Qg4 12. Qxg4 Nxg4 13. h3 Nf6 14. 0-0-0 e6 15. g4 Nd5 16. Be5 0-0-0 17. Rhe1 Nb4 18. Bc4 b5 19. Rxd8+ Kxd8 20. Rd1+ Kc8 21. Bb3 Rg8 22. c4 bxc4 23. Bxc4 Bc5 24. a3 Nd5 25. Ba6+ Kd7 26. Bg3 g5 27. Rd3 Bd6 28. Bxd6 Kxd6 29. Rb3 Rd8 30. Rb7 Rd7 31. Rb8 Nf4 32. Bf1 c5 33. Kc2 Kd5 34. Rh8 f6 35. Rf8 Ke5 36. Rc8 Kd4 37. Rf8 Nd5 38. Bb5 Rc7 39. Rd8 Ke5 40. Bc4 Nb6 41. Kc3 Nd5+ 42. Kc2 Kd4 43. b3 Rf7 44. Re8 Ke5 45. Bxd5 Kxd5 46. Kd3 f5 47. Rd8+ Kc6 48. gxf5 exf5 49. Rg8 Rd7+ 50. Ke3 h6 51. Rg6+ Rd6 52. Rg7 a6 53. f4 Kd5 54. fxg5 hxg5 55. Rxg5 Ke5 56. h4 Rb6 57. b4 cxb4 58. axb4 Rxb4 59. h5 a5 60. Rg6 f4+ 61. Kf3 Kf5 62. Ra6 Rb3+ 63. Kf2 Kg4 64. Rxa5 Rb2+ 65. Kf1 Kg3 66. h6 Rb1+ 67. Ke2 f3+ 68. Ke3 Re1+ 69. Kd2 Re8 70. h7 f2 71. Rf5 Rh8 72. Ke2 Rxh7 1/2-1/2